| 000 | 00407nam a2200145Ia 4500 | ||
|---|---|---|---|
| 005 | 20250624012816.0 | ||
| 008 | 240331s9999 xx 000 0 und d | ||
| 082 |
_bMAR _a339 |
||
| 245 | 0 | _aDilindu ratawal ha dhanawath ratawal | |
| 260 |
_aColombo _bMarga Institute. _c1976 |
||
| 300 | _a114 p ., | ||
| 500 | _aA book on Rich Countries and Poor Countries II | ||
| 700 |
_aMarga Institute. _eedt |
||
| 942 | _cL | ||
| 999 |
_c5259 _d5259 |
||